[Event "CAN-ch"]
[Site "Toronto"]
[Date "1996.??.??"]
[Round "13"]
[White "Spraggett, Kevin"]
[Black "Schleifer, Michael"]
[Result "1-0"]
[WhiteElo "2530"]
[BlackElo "2270"]

1.Nf3 d5 2.g3 Nf6 3.Bg2 e6 4.O-O Bd6 5.d3 O-O 6.Nbd2 c5 7.e4 Nc6 8.Re1 Bc7
9.c3 Rb8 10.a3 b5 11.exd5 exd5 12.Nb3 c4 13.Nbd4 Nxd4 14.Nxd4 Rb6 15.a4 bxa4
16.dxc4 dxc4 17.Rxa4 Ng4 18.Rxc4 Ne5 19.Rc5 f6 20.Rd5 Rd6 21.Nb5 Rxd5 22.Qxd5+ Kh8
23.Nxc7 Qxc7 24.Bf4 Qb6 25.b4 Rd8 26.Qa5 Nc4 27.Qxb6 axb6 28.Bc7 Rf8 29.Bd5 Ba6
30.Re6  1-0

[Event "CAN-ch"]
[Site "Toronto"]
[Date "1996.??.??"]
[Round "14"]
[White "Day, Lawrence A"]
[Black "Hergott, Deen"]
[Result "1/2-1/2"]
[WhiteElo "2400"]
[BlackElo "2445"]

1.g3 d5 2.Nf3 g6 3.Bg2 Bg7 4.c4 dxc4 5.Qa4+ Nc6 6.Qxc4 Nf6 7.O-O O-O 8.d3 Nd5
9.Nc3 Nb6 10.Qh4 e5 11.Qxd8  1/2-1/2

[Event "Toscolano op"]
[Site "Toscolano"]
[Date "1996.??.??"]
[Round "9"]
[White "Di Lazzaro, Gabriele"]
[Black "Astengo, Marcello"]
[Result "0-1"]
[WhiteElo "2095"]
[BlackElo "2115"]

1.Nf3 d5 2.g3 Nf6 3.Bg2 c6 4.O-O h6 5.d3 Bf5 6.c4 e6 7.Re1 dxc4 8.dxc4 Na6
9.Nc3 Nb4 10.Nd4 Bg6 11.e4 e5 12.Nb3 Bh5 13.f3 Be7 14.Qe2 O-O 15.Rd1 Qc7
16.a3 Na6 17.Be3 Rfd8 18.Qf2 b6 19.Nd2 Rd3 20.Kh1 Bc5 21.Nf1 Rad8 22.Rxd3 Rxd3
23.Qe2 Rd6 24.Rd1 Qd8 25.Rxd6 Qxd6 26.b4 Bxe3 27.Nxe3 Qd4 28.Qe1 Nc7 29.b5 Qc5
30.bxc6 Qxc6 31.a4 Ne6 32.Nf5 Qxc4 33.g4 Bg6 34.Ne7+ Kh7 35.h4 h5 36.g5 Ne8
37.Qd2 Nf4 38.Ned5 f6 39.gxf6 gxf6 40.Ne7 Kg7 41.Ned5 Nxd5 42.Nxd5 Qxa4 43.Qc3 Bf7
44.Ne3 Be6 45.Bf1 Kg6 46.Qb2 Nd6 47.Qc1 Qb3 48.Be2 Nb5 49.Bd1 Qc3 50.Bc2 Nd4
51.Qg1+ Kf7 52.Bd1 Ke7 53.Qg7+ Kd6 54.Qf8+ Kc6 55.Qa8+ Kc5 56.Qf8+ Kb5 57.Qe8+ Kb4
58.Qe7+ Ka5 59.Qxa7+ Kb5 60.Ba4+ Kb4 61.Nc2+ Nxc2 62.Bxc2 Qxf3+ 63.Kh2 Qf2+
64.Kh1 Qxh4+ 65.Kg2 Bh3+ 66.Kf3 Qf4+ 67.Ke2 Bg4+  0-1

[Event "CRO-chT"]
[Site "Tucepi"]
[Date "1996.??.??"]
[Round "?"]
[White "Bocina, Marija"]
[Black "Bazaj Bockai, Snjezana"]
[Result "0-1"]
[WhiteElo "2010"]
[BlackElo "2180"]

1.Nf3 d5 2.g3 Nf6 3.Bg2 c5 4.O-O Nc6 5.d4 e6 6.c3 Be7 7.Nbd2 cxd4 8.cxd4 O-O
9.Nb3 b6 10.Bg5 Ba6 11.Bxf6 Bxf6 12.Re1 Rc8 13.Qd2 Qd6 14.Rec1 Bc4 15.e3 Rc7
16.Rc3 Rfc8 17.Rac1 Nb4 18.Ra1 a5 19.Ne1 a4 20.Nc1 e5 21.a3 exd4 22.exd4 Nc6
23.Nf3 Re8 24.Re3 Rxe3 25.fxe3 Na5 26.Bf1 Qe6 27.Bd3 Bxd3 28.Qxd3 Nc4 29.Kf2 Nxb2
30.Qe2 Qe4 31.Ne1 Nc4 32.Ncd3 Qh1 33.h4 Re7 34.Nc2 Qh2+ 35.Kf3 Nd2+  0-1

[Event "CRO-chT2"]
[Site "Tucepi"]
[Date "1996.??.??"]
[Round "?"]
[White "Ivekovic, Mario"]
[Black "Franic, Milan"]
[Result "1/2-1/2"]
[WhiteElo "2290"]
[BlackElo "2375"]

1.Nf3 d5 2.g3 c6 3.Bg2 Bg4 4.d3 Nd7 5.Nbd2 e5 6.e4 Ngf6 7.O-O Bd6 8.h3 Bh5
9.Re1 O-O 10.Nf1 dxe4 11.dxe4 Nc5 12.Bg5 h6 13.Bxf6 Qxf6 14.Qe2 Ne6 15.c3 Bc5
16.Ne3 Ng5 17.Ng4 Bxg4 18.hxg4 Nh7 19.b4 Bb6 20.Rab1 Qe6 21.a4 a6 22.Nd2 Nf6
23.Bf3 Rfd8 24.Nc4 Ba7 25.a5 Rd7 26.Red1 Rad8 27.Rxd7 Rxd7 28.Kg2 g6 29.Rb2 Kg7
30.Rb1 Ne8 31.Nb6 Bxb6 32.axb6 Nd6 33.Rd1 Nc8 34.g5 h5 35.Qe3 Rxd1 36.Bxd1 Nd6
37.Be2 Kf8 38.Qd3 Qe7 39.c4 Ke8 40.c5 Nb5 41.Qd2 Nd4 42.Bc4 Qd7 43.Qd1 Qe7
44.Qd2 Qd7 45.Qd1  1/2-1/2

[Event "CRO-chT"]
[Site "Tucepi"]
[Date "1996.??.??"]
[Round "?"]
[White "Dizdarevic, Emir"]
[Black "Varga, Zoltan"]
[Result "1/2-1/2"]
[WhiteElo "2495"]
[BlackElo "2540"]

1.Nf3 d5 2.g3 Nf6 3.Bg2 Bf5 4.O-O e6 5.c4 Be7 6.Qb3 b6 7.Nc3 c6 8.d3 O-O
9.Rd1 d4 10.Ne4 Bg4 11.e3 dxe3 12.Nxf6+ Bxf6 13.Bxe3 Nd7 14.d4 Qc7 15.Rd2 Rad8
16.Ng5 c5 17.d5 exd5 18.cxd5 c4 19.d6 Qc8 20.Qc2 g6 21.Ne4 Bg7 22.Bd4 Bh6
23.f4 Bf5 24.Qc3 Bxe4 25.Bxe4 Nc5 26.Bd5 Rxd6 27.Qxc4 Ne6 28.Qxc8 Rxc8 29.Be5 Rdd8
30.Rad1 Bg7 31.Bxe6 Rxd2 32.Rxd2 fxe6 33.Bxg7 Kxg7  1/2-1/2

[Event "Ubeda op"]
[Site "Ubeda"]
[Date "1996.??.??"]
[Round "?"]
[White "Drasko, Milan"]
[Black "Ramesh, RB."]
[Result "1-0"]
[WhiteElo "2505"]
[BlackElo "2415"]

1.Nf3 d5 2.g3 c6 3.Bg2 Bg4 4.O-O Nd7 5.d4 e6 6.Nbd2 f5 7.c4 Ngf6 8.Qb3 Rb8
9.Ng5 Qe7 10.f3 Bh5 11.e4 h6 12.Nh3 Qb4 13.exf5 exf5 14.Qe3+ Kf7 15.Nf4 Re8
16.Qd3 Bd6 17.Nxh5 Nxh5 18.a3 Qa5 19.Qxf5+ Nhf6 20.c5 Bc7 21.f4 b6 22.Nf3 g6
23.Qc2 Ne4 24.Ne5+ Nxe5 25.fxe5+ Kg7 26.Bxe4 dxe4 27.b4 Qb5 28.Qxe4 Rhf8
29.Bb2 Qc4 30.Qxc6 Bd8 31.Qb7+ Kh8 32.e6 Kg8 33.Rxf8+ Rxf8 34.d5 Bf6 35.Bxf6 Rxf6
36.Qb8+ Rf8 37.Qe5 Rf5 38.Qe3  1-0

[Event "Ubeda op"]
[Site "Ubeda"]
[Date "1996.??.??"]
[Round "?"]
[White "Drasko, Milan"]
[Black "Giorgadze, Giorgi"]
[Result "0-1"]
[WhiteElo "2505"]
[BlackElo "2590"]

1.Nf3 d5 2.g3 g6 3.Bg2 Bg7 4.d4 e6 5.O-O Ne7 6.Nbd2 Nbc6 7.c3 f5 8.b4 O-O
9.Nb3 b6 10.Bf4 Bd7 11.Nc1 Nc8 12.Nd3 Nd6 13.a4 Qe8 14.Qb3 Rc8 15.Rfd1 Ne4
16.e3 Nd8 17.Be5 Bh6 18.Rdc1 Nf7 19.b5 g5 20.Qa2 Nfd6 21.Nb2 c6 22.Bxd6 Nxd6
23.bxc6 Bxc6 24.Ne5 Ba8 25.c4 Ne4 26.f3 Nd6 27.c5 bxc5 28.Rxc5 Rxc5 29.dxc5 Bg7
30.f4 Nf7 31.Nbd3 Nxe5 32.Nxe5 Bxe5 33.fxe5 Qb8 34.Qd2 Qxe5 35.Qd4 Qc7 36.Rc1 Bc6
37.Kf2 Kf7 38.h4 g4 39.Qf4 Qxf4+ 40.exf4 Rb8 41.Bf1 Ke7 42.a5 Rb2+ 43.Ke1 Rb3
44.a6 Kd7 45.h5 h6 46.Rc2 Kc7 47.Re2 Rb1+ 48.Kd2 Rxf1 49.Rxe6 Rf3 50.Rxh6 Rxg3
51.Rf6 Rh3 52.Rxf5 g3 53.Rg5 d4 54.f5 g2 55.f6 Kd7  0-1

[Event "Paks GM"]
[Site "Ungarn"]
[Date "1996.??.??"]
[Round "?"]
[White "Molnar, Bela"]
[Black "Weteschnik, Martin"]
[Result "1-0"]
[WhiteElo "2360"]
[BlackElo "2020"]

1.Nf3 d5 2.g3 c5 3.Bg2 Nc6 4.O-O g6 5.d3 Bg7 6.Nbd2 e5 7.e4 d4 8.Ne1 Be6
9.c4 Nge7 10.f4 Qd7 11.a3 O-O 12.Rb1 a5 13.Nef3 f6 14.fxe5 fxe5 15.Ng5 Rxf1+
16.Bxf1 Bg4 17.Be2 Bxe2 18.Qxe2 h6 19.Ngf3 Qg4 20.Kg2 Rf8 21.Nf1 Rb8 22.Bd2 b5
23.cxb5 Rxb5 24.Nxd4 Qxe2+ 25.Nxe2 Rb3 26.Bc3 a4 27.Nd2 Rb8 28.b3 Rd8 29.Nc1 h5
30.bxa4 Bh6 31.Nc4 Bxc1 32.Rxc1 Rxd3 33.a5 Nc8 34.Kf2 Nd6 35.Ke2  1-0

[Event "Paks GM"]
[Site "Ungarn"]
[Date "1996.??.??"]
[Round "?"]
[White "Ruck, Robert"]
[Black "Weteschnik, Martin"]
[Result "1-0"]
[WhiteElo "2455"]
[BlackElo "2020"]

1.Nf3 d5 2.g3 c5 3.Bg2 Nc6 4.d4 e6 5.O-O b5 6.b3 Nxd4 7.Nxd4 cxd4 8.Qxd4 Be7
9.Qd3 Bf6 10.c3 Qd7 11.a4 b4 12.Ra2 bxc3 13.Nxc3 Rb8 14.e4 Rxb3 15.Ra3 Rxc3
16.Rxc3 Bxc3 17.Qxc3 d4 18.Qc5 f6 19.e5 Kf7 20.Rd1 Nh6 21.exf6 Nf5 22.g4 Qxa4
23.Bf3 gxf6 24.gxf5 Rg8+ 25.Kh1 e5 26.Bd5+  1-0

[Event "AUT-chT qual"]
[Site "Vienna"]
[Date "1996.??.??"]
[Round "1"]
[White "Pilz, Dieter"]
[Black "Krpelan, Wolfgang"]
[Result "1/2-1/2"]
[WhiteElo "2245"]
[BlackElo "2170"]

1.Nf3 d5 2.g3 c6 3.Bg2 Nf6 4.b3 Bf5 5.Bb2 e6 6.O-O Be7 7.d3 O-O 8.Nbd2 Nbd7
9.h3 Bg6 10.Nh4 Ne8 11.Nxg6 hxg6 12.e4 Bf6 13.d4 dxe4 14.Nxe4 Be7 15.Qe2 Nd6
16.c4 Nxe4 17.Bxe4 Nf6 18.Bg2 Re8 19.Rad1 Qc7 20.Rd3 a5 21.a4 c5 22.Rfd1 Rad8
23.Qc2 cxd4 24.Bxd4 e5 25.Be3 Rxd3 26.Rxd3 b6 27.Bg5 Bc5 28.Bxf6 gxf6  1/2-1/2

[Event "Vienna op-C"]
[Site "Vienna"]
[Date "1996.??.??"]
[Round "1"]
[White "Spoerk, Rainer"]
[Black "Kroencke, Manfred"]
[Result "0-1"]
[WhiteElo "2085"]
[BlackElo "2190"]

1.Nf3 d5 2.g3 Nf6 3.Bg2 e6 4.O-O Be7 5.d3 O-O 6.Nbd2 Nbd7 7.e4 dxe4 8.dxe4 e5
9.b3 Re8 10.Bb2 Bc5 11.h3 c6 12.a4 a5 13.Re1 Qc7 14.Nc4 b6 15.Nfd2 Nf8 16.Ra2 Ba6
17.Qa1 Ng6 18.Ne3 Rad8 19.Ndf1 h5 20.Bc3 h4 21.Qb2 hxg3 22.Nxg3 Nf4 23.Raa1 Bd4
24.Nef5 c5 25.Rab1 g6 26.Ne3 Bb7 27.f3 Ba6 28.Kh2 Bc8 29.Qa1 Be6 30.Bb2 Qc8
31.h4 Kg7 32.c3  0-1

[Event "Vienna op-B"]
[Site "Vienna"]
[Date "1996.??.??"]
[Round "5"]
[White "Pilz, Dieter"]
[Black "Schulz, Hans Juergen"]
[Result "1-0"]
[WhiteElo "2245"]
[BlackElo "2190"]

1.Nf3 d5 2.g3 Nc6 3.Bg2 e5 4.d3 Be7 5.O-O Be6 6.Nbd2 g5 7.e4 g4 8.Ne1 Nf6
9.c3 d4 10.c4 Nd7 11.a3 a5 12.b3 h5 13.Rb1 h4 14.Nc2 hxg3 15.hxg3 Rf8 16.Qe2 Bg5
17.Re1 Bxd2 18.Bxd2 Qf6 19.Rb2 Qg6 20.b4 a4 21.b5 Ne7 22.Nb4 f6 23.Nd5 Bxd5
24.cxd5 b6 25.Bb4 Rc8 26.Rc2 f5 27.exf5 Nxf5 28.Rc6 Qh5 29.Rec1 Rh8 30.Qe4 Rh7
31.Rxc7 Rxc7 32.Rxc7 Qh2+ 33.Kf1 Nxg3+ 34.fxg3 Rf7+ 35.Ke2 Rf3 36.Qg6+ Kd8
37.Rxd7+  1-0

[Event "Carl Schlechter mem"]
[Site "Vienna"]
[Date "1996.??.??"]
[Round "9"]
[White "Roth, Peter"]
[Black "Zoebisch, Herbert"]
[Result "1/2-1/2"]
[WhiteElo "2295"]
[BlackElo "2245"]

1.Nf3 d5 2.g3 c6 3.Bg2 Bg4 4.O-O Nd7 5.d3 Ngf6 6.Nbd2 e6 7.e4 dxe4 8.dxe4 Bc5
9.Qe2 e5 10.h3 Bxf3 11.Bxf3 O-O 12.c3 a5 13.Rd1 Qc7 14.Nf1 Rfe8 15.Bg5 h6
16.Bd2 Bf8 17.Ne3 g6 18.h4 h5 19.g4 hxg4 20.Nxg4 Nxg4 21.Bxg4 Nf6 22.Bg5 Nxg4
23.Qxg4 Qc8 24.Qxc8 Raxc8 25.Rd7 b5 26.Rad1 Re6 27.Ra7 a4 28.Rdd7 f6 29.Be3 Rce8
30.Kf1 R8e7 31.Ke2 Rxd7 32.Rxd7 Be7 33.Kd3 Rd6+ 34.Rxd6 Bxd6 35.Bb6 Kf7  1/2-1/2

[Event "Siembra Villa Ballester op"]
[Site "Villa Ballester"]
[Date "1996.??.??"]
[Round "9"]
[White "Dolezal, Cristian"]
[Black "De las Heras, Juan Carlos"]
[Result "0-1"]
[WhiteElo "2355"]
[BlackElo "2275"]

1.Nf3 d5 2.g3 c6 3.Bg2 Bg4 4.d3 Nd7 5.h3 Bh5 6.Nbd2 e6 7.b3 Bd6 8.Bb2 f6
9.e4 Ne7 10.Qe2 e5 11.d4 O-O 12.O-O Qc7 13.g4 Bf7 14.dxe5 Nxe5 15.Nd4 N7g6
16.Rfe1 Nf4 17.Qf1 Rae8 18.Ne2 Neg6 19.Nxf4 Nxf4 20.Bf3 Bb4 21.c3 Bc5 22.b4 Bd6
23.Nb3 Bg6 24.Nd2 Qc8 25.Re3 Bc7 26.c4 Bb6 27.c5 Bc7 28.Rae1 a6 29.exd5 cxd5
30.Bg2 h5 31.Bf3 Kh7 32.gxh5 Bd3 33.Rxd3 Rxe1 34.Qxe1 Nxd3 35.Qb1 Qf5 36.Bd4 Qg5+
37.Bg4 Qxd2 38.Bf5+ Kh8 39.Qxd3 Qxd3 40.Bxd3 Be5 41.Be3 Bc3 42.a3 Re8 43.Kg2 d4
44.Bf4 Re1 45.Kf3 Ra1 46.Ke4 Rxa3 47.h4 Bxb4 48.Bd6 Ra5 49.Bc7 Ra3 50.Bb6 Be1
51.Kxd4 Bxf2+ 52.Kc4 Ra4+ 53.Kd5 Rd4+  0-1

[Event "Vlissingen op"]
[Site "Vlissingen"]
[Date "1996.??.??"]
[Round "4"]
[White "Kogan, Artur"]
[Black "Bagirov, Vladimir"]
[Result "1/2-1/2"]
[WhiteElo "2475"]
[BlackElo "2505"]

1.Nf3 d5 2.g3 c6 3.Bg2 Bg4 4.b3 Nd7 5.Bb2 e6 6.O-O Ngf6 7.d3 Bd6 8.Nbd2 O-O
9.h3 Bh5 10.e4 Ne8 11.Qe1 a5 12.a3 Qb6 13.Rb1 Nc7 14.e5 Be7 15.Kh1 Rae8 16.b4 a4
17.Bd4 Qa6 18.Qe3 b6 19.c4 c5 20.Ba1 Bg6 21.b5 Qa7 22.Rbd1 d4 23.Qe2 Qb8
24.Bb2 Kh8 25.Bc1 Bh5 26.g4 Bg6 27.Ne4 f5 28.exf6 gxf6 29.Nh4 f5 30.Ng5 Bf6
31.Nxg6+ hxg6 32.Qf3 Qd8 33.Qg3 Bxg5 34.Bxg5 Qxg5 35.Qxc7 Qd8 36.Qxd8 Rxd8
37.Rde1 Rfe8 38.Bc6 Kg7 39.gxf5 gxf5 40.Rg1+ Kf6 41.Rg3 Rh8 42.Reg1 Nf8 43.Kh2 Rh7
44.Rg8 Kf7 45.R1g5 Kf6 46.Kg3 Rd6 47.h4 Kf7 48.h5 Ke7 49.R5g7+ Rxg7+ 50.Rxg7+ Kf6
51.Rb7 e5 52.f3 Kg5 53.Rxb6 Nh7 54.Rb7 Nf6 55.Rg7+ Kh6 56.Rc7 Nxh5+ 57.Kh4 Nf4
58.b6 Rg6 59.b7 Rg2 60.Rh7+ Kxh7 61.Be8 Kh6 62.b8=Q Rh2+ 63.Kg3 Rg2+ 64.Kh4 Rh2+  1/2-1/2

[Event "AUT-chT9697"]
[Site "Vorarlberg"]
[Date "1996.??.??"]
[Round "?"]
[White "Maier, Peter"]
[Black "Gsteu, Peter"]
[Result "1-0"]
[WhiteElo "2075"]
[BlackElo "1950"]

1.Nf3 d5 2.g3 Nf6 3.Bg2 g6 4.O-O Bg7 5.d3 O-O 6.c3 c5 7.Nbd2 Nc6 8.e4 e5
9.Qe2 dxe4 10.dxe4 Qe7 11.Nc4 b6 12.Ne3 Rd8 13.Nd5 Nxd5 14.exd5 Nb8 15.Ng5 Bb7
16.c4 h6 17.Nh3 f5 18.Nf4 Rd6 19.Ne6 Rxe6 20.dxe6 Bxg2 21.Kxg2 Nc6 22.Be3 Qxe6
23.Rad1 Re8 24.Rfe1 e4 25.Rd5 Nb4 26.Qd2 Nxd5 27.cxd5 Qd6 28.Bxh6 Kh7 29.Be3 Rd8
30.Rd1 Bf6 31.b3 Kg7 32.h4 Rh8 33.Bf4 Be5 34.Be3 Rd8 35.Bh6+ Kf7 36.Qe2 a5
37.Bc1 Rh8 38.Bg5 Bd4 39.Qa6 Rb8 40.Qa7+ Kg8 41.Be7 Qe5  1-0

[Event "AUT-chT9697"]
[Site "Vorarlberg"]
[Date "1996.??.??"]
[Round "?"]
[White "Gsteu, Peter"]
[Black "Mittermeier, Peter"]
[Result "1/2-1/2"]
[WhiteElo "1950"]
[BlackElo "2035"]

1.Nf3 d5 2.g3 g6 3.Bg2 Bg7 4.d4 Nf6 5.O-O O-O 6.e3 Re8 7.Re1 c6 8.Nbd2 Nbd7
9.e4 dxe4 10.Nxe4 Nxe4 11.Rxe4 Nf6 12.Re1 Be6 13.Qe2 Qb6 14.Be3 Nd5 15.Bc1 h6
16.Ne5  1/2-1/2

[Event "AUT-chT9697"]
[Site "Vorarlberg"]
[Date "1996.??.??"]
[Round "?"]
[White "Mittermeier, Peter"]
[Black "Drexel, Christof"]
[Result "0-1"]
[WhiteElo "2035"]
[BlackElo "2015"]

1.Nf3 d5 2.g3 c5 3.Bg2 Nc6 4.d4 cxd4 5.Nxd4 e5 6.Nxc6 bxc6 7.c4 Be6 8.Qa4 Qd7
9.Nc3 e4 10.O-O f5 11.Rd1 Nf6 12.Be3 Rb8 13.cxd5 Nxd5 14.Nxd5 cxd5 15.Qxd7+ Kxd7
16.b3 Rb7 17.f3 Bd6 18.Rac1 Rd8 19.Rc2 h6 20.g4 exf3 21.Bxf3 fxg4 22.Bxd5 Bxd5
23.Rxd5 Ke6 24.Ra5 Bb8 25.Rc6+ Kf7 26.Rf5+ Kg8 27.Kg2 Re7 28.Bf2 Rxe2 29.a3 Ra2
30.a4 Rb2 31.Rc3 Kh7 32.Rc4 Rdd2 33.Rxg4 Bxh2 34.Kxh2 Rxf2+ 35.Rxf2 Rxf2+
36.Kg3 Rf7 37.b4 a6 38.Rf4 Rb7 39.Rc4 Rb6 40.Kg4 Kg6 41.Kh4 h5 42.a5 Rd6
43.Re4 Kh6 44.Rc4 g5+ 45.Kg3 Rf6 46.Rc5 h4+ 47.Kh3 Kh5 48.b5 axb5 49.Rxb5 Rf3+
50.Kg2 Ra3 51.Rc5 h3+  0-1

[Event "AUT-chT9697"]
[Site "Vorarlberg"]
[Date "1996.??.??"]
[Round "?"]
[White "Forster, Reinhard"]
[Black "Schmid, Sandro"]
[Result "1/2-1/2"]
[WhiteElo "1955"]
[BlackElo "1875"]

1.Nf3 d5 2.g3 Bg4 3.Ne5 Bf5 4.Bg2 c6 5.d3 Nf6 6.Nd2 Nbd7 7.Nxd7 Qxd7 8.e4 dxe4
9.Nxe4 Nxe4 10.dxe4 Qxd1+ 11.Kxd1 Bg4+ 12.f3 Be6 13.Be3 g6 14.c3 Bg7 15.Kc2 h5
16.h3 O-O 17.f4 Rfd8 18.Rad1  1/2-1/2

[Event "AUT-chT9697"]
[Site "Vorarlberg"]
[Date "1996.??.??"]
[Round "?"]
[White "Amann, Harald"]
[Black "Spiegel, Wilfried"]
[Result "1-0"]
[WhiteElo "2015"]
[BlackElo "2190"]

1.Nf3 d5 2.g3 c5 3.Bg2 g6 4.O-O Bg7 5.d3 Nc6 6.Nbd2 Nf6 7.e4 O-O 8.c3 b6
9.Re1 dxe4 10.dxe4 Bb7 11.e5 Nd7 12.e6 fxe6 13.Ng5 Qc8 14.Nxe6 Rf6 15.Nxg7 Kxg7
16.Ne4 Rf7 17.Bh3 Nce5 18.f4 Bxe4 19.Rxe4 Qb7 20.Rxe5 Nxe5 21.fxe5 Raf8 22.Bf4 Re8
23.Qd2 e6 24.Rd1 Qe4 25.b3 a5 26.Rf1 Qb7 27.Bh6+ Kg8 28.Rxf7 Qxf7 29.Bg5 Qc7
30.Qd6 Qf7 31.Bf6 h6 32.Qxb6 a4 33.bxa4 Qd7 34.Qd6 Qa7 35.Bxe6+ Kh7 36.Qd7+ Qxd7
37.Bxd7 Rf8 38.e6 Rxf6 39.e7  1-0

[Event "AUT-chT9697"]
[Site "Vorarlberg"]
[Date "1996.??.??"]
[Round "?"]
[White "Maier, Peter"]
[Black "Blaickner, Dieter"]
[Result "1/2-1/2"]
[WhiteElo "2075"]
[BlackElo "1940"]

1.Nf3 d5 2.g3 Nf6 3.Bg2 e6 4.O-O Be7 5.d3 c5 6.Nbd2 Nc6 7.e4 Qc7 8.Re1 dxe4
9.dxe4 e5 10.Nc4 Be6 11.Ncd2 h6 12.c3 O-O 13.Nh4 Rfd8 14.Nf5 Bf8 15.Qe2 Rd7
16.Nf1 Rad8 17.g4 Ne7 18.h4 Nh7 19.N1e3 g6 20.Nxe7+ Bxe7 21.Nd5 Bxd5 22.exd5 Bxh4
23.Qxe5 Qxe5 24.Rxe5 Nf6 25.Bf3 Nxd5  1/2-1/2

[Event "JUG-chT"]
[Site "Vrnjacka Banja"]
[Date "1996.??.??"]
[Round "?"]
[White "Todorovic, Goran M"]
[Black "Nikolic, Dragoslav"]
[Result "0-1"]
[WhiteElo "2470"]
[BlackElo "2305"]

1.Nf3 d5 2.g3 Nf6 3.Bg2 Bf5 4.O-O e6 5.c4 c6 6.d4 Be7 7.Nc3 O-O 8.b3 h6 9.Bb2 Nbd7
10.Nd2 Qb6 11.e4 Nxe4 12.Ndxe4 dxe4 13.Nxe4 Bxe4 14.Bxe4 Bf6 15.Qg4 a5 16.Rad1 a4
17.Bc1 axb3 18.axb3 Qxb3 19.Bxh6 Qxc4 20.Rd3 Rfd8 21.Rfd1 Nf8 22.Kg2 Ra2
23.Rf3 Qe2 24.Re1 Qxe1 25.Rxf6 g6 26.Bxg6 Rxf2+ 27.Rxf2 Nxg6 28.h4 c5 29.h5 Rxd4
30.Qg5 Qe4+ 31.Kh2 Rd1 32.Rg2 Rd5 33.Qc1 Rxh5+ 34.Kg1 Re5 35.Kh2 Qe1 36.Qxe1 Rxe1
37.Rb2 Kh7 38.Bg5 Ne5 39.Kg2 Kg6 40.Be7 c4 41.Rxb7 Re2+ 42.Kf1 Rc2  0-1

[Event "JUG-chT"]
[Site "Vrnjacka Banja"]
[Date "1996.??.??"]
[Round "?"]
[White "Simonovic, Aleksandar"]
[Black "Stamenkovic, Zoran"]
[Result "1/2-1/2"]
[WhiteElo "2355"]
[BlackElo "2385"]

1.g3 d5 2.Nf3 Nf6 3.Bg2 Bf5 4.d3 e6 5.Nbd2 Be7 6.b3 O-O 7.Bb2 c5 8.O-O Nc6
9.Ne5 Nxe5 10.Bxe5 Nd7 11.Bb2 Bf6 12.Bxf6 Nxf6 13.e4 Bg6 14.exd5 Nxd5 15.Nc4 f6
16.Qf3 Bf7 17.Ne3 Qa5 18.Nxd5 exd5 19.Qf5 Rad8 20.Rfe1 Qc3 21.Rac1 g6 22.Qf4 Rfe8
23.Rxe8+ Rxe8 24.Qd6 Qd4 25.Bf3 b6 26.c4 Qe5 27.Qxe5 Rxe5 28.Kf1 Kf8 29.Re1 Rxe1+
30.Kxe1 Ke7 31.Kd2 Kd6 32.Bg2 g5 33.f4 dxc4 34.dxc4 Bg6 35.Bh3 a5 36.Bf1 Ke6
37.Bh3+ Bf5 38.Bg2 Bb1 39.Bh3+ Bf5 40.Bg2 h6 41.Bd5+ Kd6 42.Bf3 Bh3 43.Be4 Ke6
44.Ke3 Kd6 45.Bd3 Bd7 46.a4 Bg4 47.Be2 Be6 48.Bd3 Bf7 49.Be4  1/2-1/2

[Event "JUG-chT"]
[Site "Vrnjacka Banja"]
[Date "1996.??.??"]
[Round "?"]
[White "Tringov, Georgi P"]
[Black "Todorovic, Goran M"]
[Result "1/2-1/2"]
[WhiteElo "2440"]
[BlackElo "2470"]

1.Nf3 d5 2.g3 c6 3.Bg2 Nf6 4.O-O Bg4 5.c4 e6 6.cxd5 exd5 7.d3 Nbd7 8.Qc2 Be7
9.h3 Bxf3 10.Bxf3 O-O 11.e4 Re8 12.Nc3 Ne5 13.Bg2 dxe4 14.dxe4 Qd3 15.Qb3 Bc5
16.Bf4 Qc4 17.Rad1 Qxb3 18.axb3 Ng6 19.Bg5 Rad8 20.Rxd8 Rxd8 21.Rd1 Rxd1+
22.Nxd1 Nf8 23.Bd2 Bd4 24.Kf1 Ne6 25.b4 Nd7 26.f4 Nb6 27.Ke2 Nc4 28.Bc1 Bg1
29.Kd3 Nb6 30.Ne3 Bf2 31.Nf1 Be1 32.Bd2 Bxd2 33.Nxd2 f6 34.h4 Kf7 35.Bh3 Ke7
36.Nb3 Na4 37.Na5 Nd8 38.b3 Nb6 39.Kd4 Nd7 40.h5 g6 41.hxg6 hxg6  1/2-1/2

[Event "JUG-chT"]
[Site "Vrnjacka Banja"]
[Date "1996.??.??"]
[Round "?"]
[White "Milijanovic, Goran"]
[Black "Marjanovic, Slavoljub"]
[Result "1-0"]
[WhiteElo "2185"]
[BlackElo "2445"]

1.g3 d5 2.Nf3 Nf6 3.Bg2 c5 4.O-O Nc6 5.d4 e6 6.c4 Be7 7.cxd5 exd5 8.Nc3 O-O
9.Bg5 cxd4 10.Nxd4 h6 11.Bxf6 Bxf6 12.Nxc6 bxc6 13.Rc1 Re8 14.Na4 Ba6 15.Bf3 Qa5
16.b3 Bb5 17.Qc2 Be7 18.Nb2 Ba3 19.Rfd1 Rad8 20.e3 d4 21.exd4 Rxd4 22.Kg2 Red8
23.Rxd4 Rxd4 24.Rd1 Bxb2 25.Qxb2 Rxd1 26.Bxd1 Qe1 27.Qd4 c5 28.Qd8+ Kh7 29.Bc2+ g6
30.Qd1 Bc6+ 31.f3 Qe3 32.Bd3 Qd4 33.Qe2 Bd5 34.Bc4 Kg7 35.Bxd5 Qxd5 36.Qb2+ Kg8
37.Kf2 Qd1 38.Qe2 Qh1 39.Ke3 Qa1 40.Qd2 h5 41.Kf2 Kg7 42.Kg2 Qe5 43.h4 Qa1
44.Kh2 Kg8 45.Qd8+ Kh7 46.Qd2 Qf1 47.Qd5 Qf2+ 48.Kh3 Kg8 49.a4 a5 50.Qd3 Kg7
51.Qc3+ Kh7 52.Qd3 Qg1 53.g4 Qd4 54.Qc4 Qf6 55.Kg3 Qe5+ 56.Kg2 Kg8 57.g5 Kg7
58.Qd3 Qe1 59.Qc4 Qe3 60.Kg3 Qg1+ 61.Kf4 Qe1 62.Qxc5 Qxh4+ 63.Ke3 Qe1+ 64.Kf4 h4
65.Qd4+ Kg8 66.Qd8+ Kh7 67.Qd5 Qb4+ 68.Ke3 Qb6+ 69.Ke2 Qc7 70.Kf1 Kg8 71.Qa8+ Kg7
72.Qd5 h3 73.Qd4+ Kg8 74.Qd2 Qe5 75.f4 Qa1+ 76.Kf2 h2 77.Qd8+ Kh7 78.Qd5 h1=Q
79.Qxf7+ Qg7  1-0

[Event "Wangs Pizol op"]
[Site "Wangs Pizol"]
[Date "1996.??.??"]
[Round "4"]
[White "Weindl, Alfred"]
[Black "Sher, Miron N"]
[Result "1/2-1/2"]
[WhiteElo "2335"]
[BlackElo "2500"]

1.Nf3 d5 2.g3 g6 3.Bg2 Bg7 4.O-O e5 5.d3 Ne7 6.e4 O-O 7.Nbd2 Nbc6 8.c3 a5
9.exd5 Nxd5 10.a4 h6 11.Nc4 Bf5 12.Re1 Re8 13.Nh4 Be6 14.Nf3 f6 15.Qc2 Bf7
16.Bd2 Qd7 17.Rad1 Rad8 18.Bc1 f5 19.Na3 g5 20.h4 g4 21.Nd2 Nf6 22.Ndc4 Nh5
23.Kh2 Kh8 24.Qb3 Bd5 25.Qb5 Bxg2 26.Kxg2 b6 27.Nc2 Rf8 28.d4 exd4 29.Nxd4 Nxd4
30.Qxd7 Rxd7 31.cxd4 Rd5 32.Re6 Rf6 33.Rxf6 Bxf6  1/2-1/2

[Event "Wattens op"]
[Site "Wattens"]
[Date "1996.??.??"]
[Round "1"]
[White "Werdinig, Manfred"]
[Black "Fuchs, Georg"]
[Result "0-1"]
[WhiteElo "1735"]
[BlackElo "2210"]

1.Nf3 d5 2.g3 c5 3.Bg2 Nc6 4.O-O e5 5.d3 Nf6 6.Nbd2 h6 7.e4 dxe4 8.dxe4 Be6
9.Re1 Qc7 10.Nf1 Be7 11.h4 Rd8 12.Qe2 O-O 13.N3h2 Nd4 14.Qd1 Nb3 15.Qf3 Nxa1
16.g4 Nxc2 17.Rd1 Nd4 18.Rxd4 Rxd4 19.g5 hxg5 20.hxg5 Nxe4 21.Qh5 Qd7 22.Be3 Bf5
23.Bxd4 cxd4 24.Nf3 Bg4 25.Qh4 Bxf3 26.Bxf3 Nxg5  0-1

[Event "Wattens op"]
[Site "Wattens"]
[Date "1996.??.??"]
[Round "2"]
[White "Martinovic, Slobodan"]
[Black "Natter, Siegfried"]
[Result "1-0"]
[WhiteElo "2500"]
[BlackElo "2020"]

1.Nf3 d5 2.g3 Nf6 3.Bg2 c6 4.b3 g6 5.Bb2 Bg7 6.O-O O-O 7.c4 Qb6 8.Qc2 Bg4
9.h3 Bxf3 10.Bxf3 Nbd7 11.d4 Rfe8 12.Nc3 dxc4 13.Na4 Qb4 14.bxc4 Nb6 15.Nxb6 axb6
16.e3 Ra4 17.Be2 Rea8 18.a3 Qd6 19.Rfd1 Qe6 20.Bf1 h5 21.Rac1 R4a5 22.Bg2 h4
23.g4 Nxg4 24.hxg4 Qxg4 25.Qe4 Qe2 26.Bc3 Rg5 27.Qxh4 Bf6 28.Qh3 Kg7 29.Rd2 Qxc4
30.f4 Rh5 31.Qf3 Rxa3 32.Rdc2 Ra2 33.Rxa2 Qxa2 34.Qf2 Qe6 35.e4 Qg4 36.Qf3 Qxf3
37.Bxf3 Rh8 38.e5 Bh4 39.d5 cxd5 40.Bxd5 Rc8 41.Kg2 Be1 42.Rxe1 Rxc3 43.Rb1 e6
44.Bf3 g5 45.fxg5 Kg6 46.Kg3 Kxg5 47.Rxb6 Rc7 48.Bxb7 Rc5 49.Bf3 Rxe5 50.Rb7 f5
51.Rg7+ Kf6 52.Rh7 Kg6 53.Rh8 Ra5 54.Bc6 e5 55.Rf8 Ra3+ 56.Kh4 f4 57.Be4+ Kg7
58.Rf5 Re3 59.Rg5+ Kf6 60.Rg6+ Kf7 61.Bf5 Re1 62.Ra6 Rg1 63.Bg4 e4 64.Ra4 Re1
65.Kg5 f3 66.Ra7+ Ke8 67.Kf6 Rd1 68.Ra8+ Rd8 69.Ra2 Rd4 70.Ke5 Rb4 71.Kf4 Ke7
72.Bf5  1-0

[Event "Wattens op"]
[Site "Wattens"]
[Date "1996.??.??"]
[Round "3"]
[White "Werdinig, Manfred"]
[Black "Messner, Andreas"]
[Result "0-1"]
[WhiteElo "1735"]
[BlackElo "1630"]

1.Nf3 d5 2.g3 c6 3.Bg2 Bf5 4.O-O e6 5.d3 Be7 6.Nbd2 h5 7.e4 Bh7 8.Re1 h4
9.Qe2 hxg3 10.fxg3 Qb6+ 11.Kh1 Bd6 12.e5 Bc5 13.c3 Bf2 14.Rf1 Bxg3 15.d4 Bf5
16.Kg1 Bf4 17.Nc4 Bxh2+ 18.Nxh2 dxc4 19.Bg5 Bd3 20.Qf2 Bxf1 21.Rxf1 Qc7 22.Nf3 Nd7
23.Nd2 f6 24.Nxc4 Rh5 25.Bxf6 gxf6 26.Qg3 O-O-O 27.Qg4 Rg5 28.Qxe6 Nh6 29.exf6 Rdg8
30.Nd6+ Kb8 31.Rf2 R5g6 32.Re2 Nxf6 33.Qe5 Nhg4 34.Qe6 Ne3 35.Qxe3 Qxd6 36.Kf1 Re8
37.Qf3 Rxe2 38.Qxe2 Qf4+ 39.Ke1  0-1

[Event "Wattens op"]
[Site "Wattens"]
[Date "1996.??.??"]
[Round "3"]
[White "Soldic, Mira"]
[Black "Sprenger, Wendelin"]
[Result "0-1"]
[WhiteElo "1850"]
[BlackElo "1650"]

1.Nf3 d5 2.g3 c5 3.Bg2 Nc6 4.c3 e5 5.d3 f5 6.O-O e4 7.Ne1 Nf6 8.c4 dxc4 9.Qa4 cxd3
10.exd3 Bd7 11.dxe4 Nd4 12.Qd1 Bb5 13.Nd3 fxe4 14.Re1 Be7 15.Bxe4 Nxe4 16.Rxe4 O-O
17.Nc3 Nf3+ 18.Kg2 Bxd3 19.Re3 c4 20.Rxf3 Be4 21.Bf4 Qxd1 22.Rxd1 Bxf3+ 23.Kxf3 g5
24.Nd5 Bd6 25.Rd4 gxf4 26.gxf4 Rac8 27.Kg4 b5 28.Kg5 Kg7 29.h4 h6+ 30.Kg4 Bc5
31.Rd2 Rcd8 32.f5 Bxf2 33.f6+ Rxf6 34.Nxf6 Rxd2 35.Ne8+ Kf7 36.Nc7 Rxb2  0-1